000 02337ncm0a22004331 4500
001 RU\NLR\ONIZ\198061
005 20250624194709.0
035 _aRU\NLR\ONIZ\lanatalya\5000002357\20140422144542
035 _a(NLR Aleph) 010888690
090 _a10539847
_c10539847
100 _a20140422d2011 |||y0rusy50 ca
101 0 _arus
_afre
102 _aRU
125 _azx
145 0 _ab
200 1 _aПрелюдии и Les Folies d'Espagne
_bНоты
_eдля арфы
_fЖ. Б. Кардон
210 _aНовосибирск
_cКлассик-А
_d2011
215 _a21 c.
_d30 см
313 _aСистематизация документа проведена по изданию - Методика классифицирования музыкальных произведений (нотных изданий) по таблицам Библиотечно-библиографических классификаций : метод. рекомендации / Гос. б-ка СССР им. В.И. Ленина.- М., 1977. Индексу ББК методических рекомендаций присваивается код ББК для научных библиотек - LBC/SL
327 1 _a1. Prelude : [G dur] ;
_a2. Prelude : [a moll] ;
_a3. Prelude : [C dur] ;
_a4. Les Folies d'Espagne
464 0 _12001#$aLes Folies d'Espagne
_1215##$aС.18-21
_tLes Folies d'Espagne
464 0 _12001#$aPrelude$e[C dur]
_1215##$aС.14-17
_tPrelude
464 0 _12001#$aPrelude$e[G dur]
_1215##$aС.3-8
_tPrelude
464 0 _12001#$aPrelude$e[a moll]
_1215##$aС.9-13
_tPrelude
606 1 _aАрфа (соло)
_yФранция
_z18-19 вв.
_jНоты
_2nlr_sh
606 1 _aПроизведения для арфы
_yЕвропа
_z17-19 вв.
_jНоты
_2nlr_sh
608 _aПрелюдии (арфа)
_xНоты
_yФранция
_z18-19 вв.
_2nlr_sh
686 _aЩ956.1-0-058.4(4Фр)я44
_vLBC/SL
_2rubbk
700 1 _9z01790
_aКардон
_bЖ.Б.
_f1760-1803
_gЖан-Батист
_4230
790 1 _9z01700
_aCardon
_bJ.B.
_f1760-1803
_gJean-Baptiste
_4230
801 0 _aRU
_bNLR
_c20140422
_gPSBO
801 1 _aRU
_bNLR
_c20140422
_2rusmarc
801 2 _aRU
_bNLR
_c20160909
852 _aNLR
_bМ
_j986/459
_p279353
_t1
852 _aNLR
_bМ
_j986/459а
_p279354
_t2
942 _cSCORE
980 _aNB
980 _aONIZ